Learning through groups : a trainer's basic guide /

Bibliographic Details
Main Author: Hanson, Philip G.
Format: Book
Language:English
Published: San Diego, Calif. : University Associates, [1981]
Subjects:

MARC

Tag First Indicator Second Indicator Subfields
LEADER 00000cam a2200000 a 4500
001 in00000085747
005 20151008053257.0
008 810829s1981 caua b 00010 eng
010 |a  81050701  
020 |a 088390165X (pbk.) 
035 |a (OCoLC)07812997 
035 |9 AAH6894AM 
039 0 |a 2  |b 3  |c 3  |d 3  |e 3 
040 |a DLC  |c DLC  |d TXA  |d UtOrBLW 
049 |a TXAM  |c [1387712] 
050 0 0 |a LB1032  |b  H368 
082 0 |a 371.3/95  |2 19 
100 1 |a Hanson, Philip G. 
245 1 0 |a Learning through groups :  |b a trainer's basic guide /  |c Philip G. Hanson. 
264 1 |a San Diego, Calif. :  |b University Associates,  |c [1981] 
264 4 |c ©1981 
300 |a vii, 215 pages :  |b illustrations ;  |c 23 cm. 
336 |a text  |b txt  |2 rdacontent 
337 |a unmediated  |b n  |2 rdamedia 
338 |a volume  |b nc  |2 rdacarrier 
504 |a Bibliography: pages 211-215. 
650 0 |a Group work in education. 
999 |a MARS 
999 f f |s 454ce274-ba3b-3ebb-8e0c-7eb6b9b6f1e7  |i a6e9d54f-14f1-3510-a98c-2037256a03db  |t 0 
952 f f |p normal  |a Texas A&M University  |b College Station  |c Sterling C. Evans Library  |d Evans: Library Stacks  |t 0  |e LB1032 H368  |h Library of Congress classification  |i unmediated -- volume  |m A14805948470 
998 f f |a LB1032 H368  |t 0  |l Evans: Library Stacks